[Event "ODJM B 2019"]
[Site "Willingen GER"]
[Date "2019.06.15"]
[Round "9"]
[White "Obciety, Sandra"]
[Black "de Veer, Mara"]
[Result "1/2-1/2"]
[Termination "normal"]
[Board "42"]
[WhiteElo "1619"]
[BlackElo "1379"]
[PlyCount "110"]
[WhiteFideId "16213157"]
[BlackFideId "16217349"]
[EventCountry "GER"]
[EventRounds "9"]
[EventType "swiss"]
[EventDate "2019.06.08"]

1. e4 e6 2. d4 d5 3. Bd3 dxe4 4. Bxe4 Nf6 5. Bf3 g6 6. Ne2 Bg7 7. Bg5 Qd7 8. c4
Nc6 9. Nbc3 O-O 10. O-O Ne7 11. Qd2 c6 12. Ng3 Rd8 13. Rad1 b6 14. Rfe1 Bb7 15.
Re3 Rac8 16. Rd3 Ba6 17. b3 b5 18. Nge4 Nxe4 19. Nxe4 bxc4 20. Nc5 Qe8 21. bxc4
Bxc4 22. Ra3 Rxd4 23. Qc1 Rxd1+ 24. Bxd1 Bd5 25. Rxa7 Bf8 26. Qa3 Nf5 27. Qc1
Ra8 28. Nd7 Bg7 29. Rxa8 Qxa8 30. a4 Qa7 31. Nc5 Qa5 32. Bd2 Qc7 33. a5 Qa7 34.
Be2 Nd4 35. Bf1 Nb5 36. Qb1 Qxc5 37. Be3 Bd4 38. Bxd4 Qxd4 39. a6 Qa7 40. Bxb5
cxb5 41. Qxb5 Qc7 42. h3 Qc1+ 43. Kh2 Qf4+ 44. Kg1 Qg5 45. Qb8+ Kg7 46. Qb2+
Qf6 47. Qb8 Qa1+ 48. Kh2 Bc4 49. a7 Bd5 50. f3 Qa2 51. Qe5+ Kh6 52. Qf4+ Kg7
53. Qe5+ f6 54. Qc7+ Kh6 55. Qf4+ Kg7 1/2-1/2

[Event "ODJM B 2019"]
[Site "Willingen GER"]
[Date "2019.06.15"]
[Round "9"]
[White "Unbehend, Marius"]
[Black "Borriss, Benjamin"]
[Result "1/2-1/2"]
[Termination "normal"]
[Board "43"]
[WhiteElo "1395"]
[BlackElo "1475"]
[PlyCount "42"]
[WhiteFideId "16214420"]
[BlackFideId "16266099"]
[EventCountry "GER"]
[EventRounds "9"]
[EventType "swiss"]
[EventDate "2019.06.08"]

1. e4 e5 2. d4 exd4 3. Qxd4 Nc6 4. Qe3 Nf6 5. Nc3 Bb4 6. Bd2 O-O 7. O-O-O Re8
8. Qg3 Rxe4 9. Nxe4 Nxe4 10. Qe3 Bxd2+ 11. Rxd2 Nxd2 12. Qxd2 d5 13. Nf3 Bf5
14. Bb5 Qd6 15. Bxc6 bxc6 16. Nd4 Bd7 17. h3 c5 18. Nf3 d4 19. Re1 Be6 20. Qd3
Rb8 21. b3 Qf4+ 1/2-1/2

[Event "ODJM B 2019"]
[Site "Willingen GER"]
[Date "2019.06.15"]
[Round "9"]
[White "Halle, Julia"]
[Black "Hallfarth, Luise"]
[Result "0-1"]
[Termination "normal"]
[Board "44"]
[WhiteElo "1634"]
[BlackElo "1518"]
[PlyCount "106"]
[WhiteFideId "24694940"]
[BlackFideId "16250222"]
[EventCountry "GER"]
[EventRounds "9"]
[EventType "swiss"]
[EventDate "2019.06.08"]

1. e4 c5 2. Nf3 Nc6 3. d4 cxd4 4. Nxd4 g6 5. Nc3 Bg7 6. Be3 Nf6 7. Be2 O-O 8.
O-O d5 9. exd5 Nxd5 10. Nxd5 Qxd5 11. Nxc6 Qxc6 12. c3 Be6 13. Qc2 Bd5 14. f3
b6 15. Rfd1 Rfd8 16. c4 b5 17. c5 a5 18. Rac1 a4 19. b3 axb3 20. axb3 b4 21.
Bc4 Bc3 22. Bxd5 Rxd5 23. Rxd5 Qxd5 24. Qe4 Qxe4 25. fxe4 Ra2 26. c6 Ra6 27. c7
Rc6 28. Bd2 Rxc7 29. Bxc3 Rxc3 30. Rb1 Re3 31. Kf2 Rxe4 32. Re1 Rxe1 33. Kxe1
Kg7 34. Kd2 Kf6 35. Kd3 Ke5 36. Kc4 Kd6 37. Kxb4 e5 38. Kc4 e4 39. Kd4 f5 40.
g4 h6 41. h3 Kc6 42. gxf5 gxf5 43. h4 h5 44. Ke3 Kc5 45. Kf4 Kb4 46. Kxf5 e3
47. Kg5 e2 48. Kxh5 e1=Q 49. Kg5 Qe8 50. h5 Qh8 51. Kg6 Kxb3 52. Kg5 Qg7+ 53.
Kh4 Kc4 0-1

[Event "ODJM B 2019"]
[Site "Willingen GER"]
[Date "2019.06.15"]
[Round "9"]
[White "Kruse, Hannes"]
[Black "Lau, Theodor"]
[Result "0-1"]
[Termination "normal"]
[Board "45"]
[WhiteElo "1362"]
[BlackElo "1670"]
[PlyCount "30"]
[WhiteFideId "16254660"]
[BlackFideId "12946524"]
[EventCountry "GER"]
[EventRounds "9"]
[EventType "swiss"]
[EventDate "2019.06.08"]

1. e4 c5 2. Bc4 Nc6 3. Nc3 g6 4. d3 Bg7 5. f4 e6 6. Nf3 Nge7 7. O-O d5 8. Bb3
O-O 9. a3 a6 10. Ne2 b5 11. Ng3 Qb6 12. Kh1 Rd8 13. Nh4 dxe4 14. Nxe4 c4 15.
Ba2 cxd3 0-1

[Event "ODJM B 2019"]
[Site "Willingen GER"]
[Date "2019.06.15"]
[Round "9"]
[White "Brunauer, Simon"]
[Black "Raasch, Hauke"]
[Result "0-1"]
[Termination "normal"]
[Board "46"]
[WhiteElo "1607"]
[BlackElo "1614"]
[PlyCount "60"]
[WhiteFideId "16279077"]
[BlackFideId "16210034"]
[EventCountry "GER"]
[EventRounds "9"]
[EventType "swiss"]
[EventDate "2019.06.08"]

1. c4 e6 2. Nc3 Nf6 3. e3 d5 4. d4 c6 5. Nf3 Bd6 6. Be2 O-O 7. O-O Nbd7 8. b3
Re8 9. Bb2 Qe7 10. Qc2 Nf8 11. Rfe1 Ng6 12. Bd3 dxc4 13. bxc4 e5 14. Ne4 Nxe4
15. Bxe4 exd4 16. exd4 Qd8 17. Qc3 Bf8 18. Qc2 Bg4 19. Ne5 Be6 20. Nxg6 hxg6
21. d5 cxd5 22. cxd5 Bd7 23. Rad1 Bd6 24. g3 Qa5 25. Bc3 Qa3 26. Rd3 Qa6 27.
Rd2 f5 28. Rde2 fxe4 29. Rxe4 Rxe4 30. Rxe4 Bf5 0-1

[Event "ODJM B 2019"]
[Site "Willingen GER"]
[Date "2019.06.15"]
[Round "9"]
[White "Rempe, Mieke"]
[Black "Fricke, Janek Konrad"]
[Result "1/2-1/2"]
[Termination "normal"]
[Board "47"]
[WhiteElo "1469"]
[BlackElo "1561"]
[PlyCount "63"]
[WhiteFideId "16202384"]
[BlackFideId "12997471"]
[EventCountry "GER"]
[EventRounds "9"]
[EventType "swiss"]
[EventDate "2019.06.08"]

1. e4 c5 2. Nf3 d6 3. d4 cxd4 4. Nxd4 Nf6 5. Nc3 a6 6. a4 e5 7. Nb3 Be6 8. Bg5
Be7 9. Be2 Nbd7 10. Bf3 O-O 11. O-O h6 12. Bh4 Re8 13. Re1 Nf8 14. Qd2 Qd7 15.
Rad1 Rad8 16. Qe2 Ng6 17. Bxf6 Bxf6 18. Nc5 Qe7 19. Nxe6 fxe6 20. Bh5 Nf4 21.
Qg4 Rf8 22. g3 Nxh5 23. Qxh5 Kh7 24. Kh1 g6 25. Qh3 Bg5 26. Rf1 Rf7 27. Rd3 Qf8
28. f3 Rf6 29. Qg4 Rf7 30. Qxe6 h5 31. Qh3 Bh6 32. Nd5 1/2-1/2

[Event "ODJM B 2019"]
[Site "Willingen GER"]
[Date "2019.06.15"]
[Round "9"]
[White "Borgmann, Simon"]
[Black "Lipinsky, Pierre"]
[Result "1/2-1/2"]
[Termination "normal"]
[Board "48"]
[WhiteElo "1583"]
[BlackElo "1353"]
[PlyCount "91"]
[WhiteFideId "16234677"]
[BlackFideId "16206290"]
[EventCountry "GER"]
[EventRounds "9"]
[EventType "swiss"]
[EventDate "2019.06.08"]

1. d4 d5 2. Nf3 Nf6 3. e3 c5 4. c4 e6 5. b3 Nc6 6. Bb2 cxd4 7. Nxd4 Bb4+ 8. Nd2
Nxd4 9. Bxd4 O-O 10. a3 Be7 11. Be2 Qc7 12. Nf3 Bd7 13. Qb1 dxc4 14. Bxc4 a6
15. O-O b5 16. Bd3 h6 17. Qb2 Rfc8 18. Rfc1 Qb7 19. Ne5 Rxc1+ 20. Rxc1 Be8 21.
Be2 Rc8 22. h3 Rxc1+ 23. Qxc1 Nd7 24. Bf3 Qb8 25. Nc6 Qd6 26. Nxe7+ Qxe7 27. b4
e5 28. Bb2 Nb6 29. Be2 f6 30. Qc2 Qf7 31. Ba1 Qg6 32. Qxg6 Bxg6 33. g3 Kf7 34.
f4 e4 35. Bd4 Nd5 36. Bd1 Bf5 37. g4 Bc8 38. Bb3 Bb7 39. Kf2 g6 40. Bc5 g5 41.
f5 Ke8 42. a4 bxa4 43. Bxa4+ Kf7 44. Bd7 Nc3 45. Be6+ Kg7 46. Bb3 1/2-1/2

[Event "ODJM B 2019"]
[Site "Willingen GER"]
[Date "2019.06.15"]
[Round "9"]
[White "Mainka, Ingmar"]
[Black "Linnemann, Caspar"]
[Result "1/2-1/2"]
[Termination "normal"]
[Board "49"]
[WhiteElo "1209"]
[BlackElo "1239"]
[PlyCount "71"]
[WhiteFideId "16254937"]
[BlackFideId "16200284"]
[EventCountry "GER"]
[EventRounds "9"]
[EventType "swiss"]
[EventDate "2019.06.08"]

1. e4 c5 2. Nf3 d6 3. d4 cxd4 4. Nxd4 Nf6 5. Nc3 e6 6. Be3 Be7 7. Be2 O-O 8.
O-O a6 9. a4 Qc7 10. Nb3 Nc6 11. Qd2 b6 12. Nd4 Bb7 13. Nxc6 Bxc6 14. f3 Rfd8
15. Bd3 Nd7 16. Qf2 Rdb8 17. Rfd1 Nf6 18. Bf1 d5 19. exd5 Nxd5 20. Nxd5 Bxd5
21. Rac1 Bc6 22. b3 Kh8 23. Rd4 e5 24. Rg4 f5 25. Rc4 f4 26. Bd2 b5 27. axb5
axb5 28. Rc3 Qb7 29. Qe2 b4 30. Rd3 Bb5 31. Qxe5 Bxd3 32. Bxd3 Bf6 33. Qf5 Kg8
34. Qxh7+ Kf7 35. Qh5+ Kf8 36. Qh8+ 1/2-1/2

[Event "ODJM B 2019"]
[Site "Willingen GER"]
[Date "2019.06.15"]
[Round "9"]
[White "Hoffmann, Alexander"]
[Black "Pham, Anh Tuan"]
[Result "1/2-1/2"]
[Termination "normal"]
[Board "50"]
[WhiteElo "1631"]
[BlackElo "1300"]
[PlyCount "114"]
[WhiteFideId "16240219"]
[BlackFideId "16245229"]
[EventCountry "GER"]
[EventRounds "9"]
[EventType "swiss"]
[EventDate "2019.06.08"]

1. e4 e5 2. Nf3 Nc6 3. Bc4 d6 4. h3 h6 5. O-O Nf6 6. Re1 Be7 7. d3 O-O 8. Nbd2
Bd7 9. Nf1 Rb8 10. Ng3 Qc8 11. Be3 Kh7 12. d4 b5 13. Bb3 g6 14. Qd2 Ng8 15. d5
Nd8 16. Bxa7 Rb7 17. Be3 c5 18. dxc6 Nxc6 19. Bd5 Bd8 20. Bxc6 Qxc6 21. Rad1
Be7 22. Qd3 Be6 23. a3 Bc4 24. Qc3 Rd8 25. b3 d5 26. bxc4 d4 27. Bxd4 exd4 28.
Rxd4 Rxd4 29. Nxd4 Qxc4 30. Qxc4 bxc4 31. Ra1 Bc5 32. Nde2 Rb2 33. c3 Ne7 34.
a4 Nc6 35. a5 Ba7 36. Kf1 Rb5 37. a6 Rb6 38. Nd4 Nb8 39. Ra4 Nxa6 40. Rxc4 Rb1+
41. Ke2 Nb8 42. Rc7 Rb2+ 43. Kf3 Bxd4 44. cxd4 Kg7 45. d5 Na6 46. Rc6 Nb4 47.
Rb6 Rb3+ 48. Ke2 Rb2+ 49. Kd1 Rb1+ 50. Kd2 Rb2+ 51. Kc3 Nxd5+ 52. Kxb2 Nxb6 53.
Kc3 Nd7 54. Kd4 f6 55. f4 Kf7 56. f5 Ne5 57. fxg6+ Kxg6 1/2-1/2

[Event "ODJM B 2019"]
[Site "Willingen GER"]
[Date "2019.06.15"]
[Round "9"]
[White "Albayrak, Berrak"]
[Black "Kessen, Fanny"]
[Result "1-0"]
[Termination "normal"]
[Board "51"]
[WhiteElo "1491"]
[BlackElo "1232"]
[PlyCount "97"]
[WhiteFideId "16241657"]
[BlackFideId "16217357"]
[EventCountry "GER"]
[EventRounds "9"]
[EventType "swiss"]
[EventDate "2019.06.08"]

1. e4 e5 2. Nf3 Nc6 3. Bc4 Nf6 4. d3 Be7 5. O-O O-O 6. c3 d6 7. Re1 Be6 8. Bb3
h6 9. Nbd2 Nh7 10. Nf1 Qd7 11. Ng3 Kh8 12. h3 Na5 13. Bc2 f5 14. exf5 Bxf5 15.
Nxf5 Qxf5 16. d4 Qh5 17. dxe5 Rf7 18. Qd5 Nc6 19. g4 Qxh3 20. Qxf7 Qxg4+ 21.
Kh2 Rf8 22. Qg6 Qxg6 23. Bxg6 Rxf3 24. exd6 Bxd6+ 25. Kg2 Rf8 26. Re8 Rxe8 27.
Bxe8 Ne5 28. Bb5 Ng6 29. Be3 a6 30. Be2 Nf4+ 31. Kf1 Nf6 32. c4 Ne4 33. Bf3 Nc5
34. Rd1 Nfd3 35. Bxc5 Nxc5 36. b4 Na4 37. c5 Be5 38. Be4 Kg8 39. Bxb7 Bc3 40.
Rd3 Kf8 41. Bc6 Bxb4 42. Bxa4 Bxc5 43. Rd8+ Ke7 44. Rd7+ Kf6 45. Rxc7 Bb4 46.
Rc6+ Kf5 47. Rxa6 g5 48. Bd7+ Kf4 49. Ra4 1-0

[Event "ODJM B 2019"]
[Site "Willingen GER"]
[Date "2019.06.15"]
[Round "9"]
[White "Richter, Tim"]
[Black "Paqarizi, Endrit"]
[Result "1/2-1/2"]
[Termination "normal"]
[Board "52"]
[WhiteElo "1473"]
[BlackElo "1414"]
[PlyCount "46"]
[WhiteFideId "16272641"]
[BlackFideId "16235827"]
[EventCountry "GER"]
[EventRounds "9"]
[EventType "swiss"]
[EventDate "2019.06.08"]

1. d4 d5 2. Bf4 f5 3. Nf3 e6 4. e3 Nf6 5. Nbd2 Be7 6. h3 O-O 7. Bh2 Bd7 8. Be2
Be8 9. O-O Ne4 10. Nxe4 fxe4 11. Nd2 c5 12. dxc5 Bxc5 13. Nxe4 Qb6 14. Nxc5
Qxc5 15. c3 Nc6 16. Qd2 Bg6 17. Bd3 Bxd3 18. Qxd3 Rad8 19. Qe2 e5 20. Rad1 d4
21. exd4 exd4 22. cxd4 Nxd4 23. Qe5 Qc4 1/2-1/2

[Event "ODJM B 2019"]
[Site "Willingen GER"]
[Date "2019.06.15"]
[Round "9"]
[White "Keck, Johannes"]
[Black "Heß, Wadim"]
[Result "1/2-1/2"]
[Termination "normal"]
[Board "53"]
[WhiteElo "1402"]
[BlackElo "1360"]
[PlyCount "42"]
[WhiteFideId "16258746"]
[BlackFideId "16266129"]
[EventCountry "GER"]
[EventRounds "9"]
[EventType "swiss"]
[EventDate "2019.06.08"]

1. e4 c5 2. Nc3 a6 3. g3 b5 4. Bg2 Bb7 5. d3 e6 6. Nh3 Be7 7. O-O d5 8. exd5
exd5 9. Nf4 Nf6 10. Qf3 Nc6 11. Ncxd5 Nxd5 12. Qxd5 Qb6 13. Re1 Ra7 14. Qg5 O-O
15. Qh5 Bf6 16. Nd5 Qd8 17. Be4 g6 18. Nxf6+ Qxf6 19. Qh6 Nd4 20. Be3 Nf3+ 21.
Bxf3 Qxf3 1/2-1/2

[Event "ODJM B 2019"]
[Site "Willingen GER"]
[Date "2019.06.15"]
[Round "9"]
[White "Bendtschneider, Nils"]
[Black "Kamleiter, Noah"]
[Result "1-0"]
[Termination "normal"]
[Board "54"]
[WhiteElo "1219"]
[BlackElo "1457"]
[PlyCount "25"]
[WhiteFideId "16245180"]
[BlackFideId "16265815"]
[EventCountry "GER"]
[EventRounds "9"]
[EventType "swiss"]
[EventDate "2019.06.08"]

1. d4 Nf6 2. Nf3 e6 3. Bf4 b6 4. e3 Bb7 5. Nbd2 c5 6. c4 d5 7. Ne5 Nbd7 8. Qa4
Be7 9. cxd5 exd5 10. Bb5 Bc8 11. Nc6 O-O 12. Nxd8 Rxd8 13. Bc6 1-0

[Event "ODJM B 2019"]
[Site "Willingen GER"]
[Date "2019.06.15"]
[Round "9"]
[White "Fricke, Edna Marlene"]
[Black "Lohrmann, Linus"]
[Result "1/2-1/2"]
[Termination "normal"]
[Board "55"]
[WhiteElo "1350"]
[BlackElo "1366"]
[PlyCount "73"]
[WhiteFideId "12988839"]
[BlackFideId "12982857"]
[EventCountry "GER"]
[EventRounds "9"]
[EventType "swiss"]
[EventDate "2019.06.08"]

1. e4 e5 2. Nf3 Nc6 3. Bc4 Bc5 4. d3 Nf6 5. c3 d6 6. Nbd2 a6 7. Bb3 Ne7 8. Nf1
Ba7 9. Ne3 Ng6 10. Ng5 O-O 11. Qf3 Nf4 12. Nf5 N6h5 13. Nh3 Bxf5 14. Nxf4 Nxf4
15. exf5 Qf6 16. Bxf4 exf4 17. Qxf4 Rfe8+ 18. Kd2 Re7 19. Rae1 Rae8 20. d4 c5
21. d5 b5 22. g4 g5 23. Qg3 c4 24. Bd1 h5 25. h3 h4 26. Qf3 b4 27. Rxe7 Rxe7
28. Re1 Rxe1 29. Kxe1 bxc3 30. bxc3 Qd8 31. Qe4 Qc7 32. Be2 Qb6 33. Qxc4 Qxf2+
34. Kd1 Qb6 35. Kc2 Qe3 36. Qd3 Qxd3+ 37. Bxd3 1/2-1/2

[Event "ODJM B 2019"]
[Site "Willingen GER"]
[Date "2019.06.15"]
[Round "9"]
[White "Panjer, Sidney"]
[Black "Leithoff, Hans-Georg"]
[Result "1-0"]
[Termination "normal"]
[Board "56"]
[WhiteElo "1490"]
[BlackElo "1527"]
[PlyCount "73"]
[WhiteFideId "16207041"]
[BlackFideId "16223918"]
[EventCountry "GER"]
[EventRounds "9"]
[EventType "swiss"]
[EventDate "2019.06.08"]

1. e4 c5 2. Nf3 d6 3. Nc3 Nf6 4. Bc4 a6 5. a4 e5 6. d3 Be7 7. Bg5 Nbd7 8. O-O
h6 9. Bd2 O-O 10. Ne2 Qc7 11. Ng3 Re8 12. Nf5 Nb6 13. Nxe7+ Qxe7 14. Bb3 Be6
15. Ba2 Bxa2 16. Rxa2 c4 17. Re1 Qe6 18. Ra1 cxd3 19. cxd3 Rac8 20. Nh4 d5 21.
Qf3 dxe4 22. dxe4 Nc4 23. Bc3 Nd6 24. Nf5 Nxf5 25. exf5 Qd6 26. Qxb7 Rb8 27.
Qf3 e4 28. Qd1 Qf4 29. Qe2 Ng4 30. g3 Qxf5 31. Rf1 Qh5 32. h4 g5 33. Kg2 gxh4
34. Rh1 e3 35. Rxh4 Qd5+ 36. f3 Re6 37. Rxg4+ 1-0

[Event "ODJM B 2019"]
[Site "Willingen GER"]
[Date "2019.06.15"]
[Round "9"]
[White "Schneble, Milan"]
[Black "Schwenke, Mia"]
[Result "0-1"]
[Termination "normal"]
[Board "57"]
[WhiteElo "1425"]
[BlackElo "1136"]
[PlyCount "48"]
[WhiteFideId "16266102"]
[BlackFideId "16263332"]
[EventCountry "GER"]
[EventRounds "9"]
[EventType "swiss"]
[EventDate "2019.06.08"]

1. e4 c5 2. Nf3 d6 3. d4 cxd4 4. Nxd4 Nf6 5. Nc3 g6 6. Bd3 Bg7 7. Be3 O-O 8.
Qd2 Ng4 9. f3 Nxe3 10. Qxe3 Nc6 11. Nde2 a6 12. g4 b5 13. h4 Qa5 14. Qd2 b4 15.
Nd1 Qb6 16. h5 a5 17. Qg5 a4 18. Rb1 b3 19. axb3 axb3 20. c3 Ne5 21. Qe3 Qxe3
22. Nxe3 Nxd3+ 23. Kd2 Ne5 24. f4 Nxg4 0-1

[Event "ODJM B 2019"]
[Site "Willingen GER"]
[Date "2019.06.15"]
[Round "9"]
[White "Kung, Fanny"]
[Black "Rohde, Ragnar"]
[Result "1/2-1/2"]
[Termination "normal"]
[Board "58"]
[WhiteElo "1510"]
[BlackElo "1501"]
[PlyCount "91"]
[WhiteFideId "12987689"]
[BlackFideId "16287495"]
[EventCountry "GER"]
[EventRounds "9"]
[EventType "swiss"]
[EventDate "2019.06.08"]

1. e4 e6 2. d4 d5 3. exd5 exd5 4. Nf3 Nf6 5. Bd3 c5 6. c3 c4 7. Bc2 Bd6 8. Qe2+
Be6 9. O-O O-O 10. Bg5 Nbd7 11. Nbd2 Re8 12. Qd1 Qc7 13. h3 Rab8 14. Rc1 b5 15.
Re1 a5 16. Re2 Rb7 17. b3 Ra8 18. Nb1 h6 19. Bd2 Nb6 20. a3 cxb3 21. Bxb3 a4
22. Ba2 Nc4 23. Bxc4 bxc4 24. Be1 Bf5 25. Ra2 Qd7 26. Nbd2 Rab8 27. Ne5 Bxe5
28. dxe5 Ne4 29. Nxe4 Bxe4 30. f4 Rb2 31. Rxb2 Rxb2 32. Bf2 Rb3 33. Bc5 Qc7 34.
Bb4 Rb2 35. g4 Qb6+ 36. Qd4 Qxd4+ 37. cxd4 Rg2+ 38. Kf1 Rg3 39. Rc3 Bg2+ 40.
Kf2 Rxc3 41. Bxc3 Bxh3 42. Kg3 Bf1 43. Kf2 Bd3 44. Kg3 g6 45. Bd2 Kg7 46. Kh4
1/2-1/2